000 00801nam a22002417a 4500
005 20180404160930.0
010 _aENG-110147 B-690848-849
020 _a9788184302295
_c300.00
035 _aEN-93679
035 _aB-690848-849
037 _bDBAD/PUB
037 _bOcean Books
082 _a921
100 _aVishav Bandhu
245 _aThe life and times of Madan Lal Dhingra /
_cby Vishav Bandhu
260 _aNew Delhi
_bOcean Books
_c2013
270 _a4/19 Asaf Ali Road
_bNew Delhi
_e110002
300 _a254p.
_c22cm(Hb)
500 _aIncludes index
500 _aBalidani
942 _2ddc
_cEN
_mMAD
_h921
999 _c84867
_d84867